| 000 | 01133nam a2200217 a 4500 | ||
|---|---|---|---|
| 001 | 000039199 | ||
| 005 | 20201002031536.0 | ||
| 008 | 130611s1970 sp 000 0 spa d | ||
| 040 |
_aDO-SdBNP _bspa _cBNPHU |
||
| 100 | 1 |
_aDíez Macho, Alejandro _965385 |
|
| 245 | 1 | 0 |
_aNeophyti 1 : _bTargum Palastinense ms de la Biblioteca Vaticana / _cAlejandro Díez Macho ; Edición príncipe, introducción y versión castellana por Alejandro Díez Macho. Traducciones cotejadas de la versión castellana: francesa: R. Le Déaut; inglesa: Martin McNamara y Michael Maher. |
| 260 |
_aMadrid : _bConsejo Superior de Investigaciones Científicas, _c1970. |
||
| 300 |
_a6v. ; _c28 cm. |
||
| 490 | 1 |
_aTextos y estudios _v8-11,20 |
|
| 500 | _aIncluye referencias bibliográficas y notas al pie de las págianas | ||
| 500 | _aSeminario Filológico Cardenal Cisneros del Instituto Arias Montano. | ||
| 505 | 0 |
_av.1 . _tGénesis _gv. 2 _tÉxodo _gv. 3 _tLevítico _gv. 4 _tNúmero _gv. 5 _tDeuterónimo _gv. 6 _tApéndices |
|
| 546 | _aTexto en español y hebreo | ||
| 700 | 1 |
_aDíez Macho, Alejandro _eed. _965385 |
|
| 830 | 0 |
_aTextos y estudios _v8-11, 20 _965386 |
|
| 999 |
_c38689 _d38689 |
||